| Tag |
First Indicator |
Second Indicator |
Subfields |
| LEADER |
00000cam a2200000 a 4500 |
| 001 |
in00001315607 |
| 005 |
20151005070541.0 |
| 008 |
840615s1983 nyua 000 0aeng |
| 010 |
|
|
|a 82090560
|
| 020 |
|
|
|a 0533054834 :
|c $7.95
|
| 035 |
|
|
|a (OCoLC)10201345
|
| 035 |
|
|
|9 AHC1537AM
|
| 040 |
|
|
|a DLC
|c DLC
|d TXA
|d UtOrBLW
|
| 043 |
|
|
|a n-us---
|
| 049 |
|
|
|a TXAS [mil]
|
| 050 |
0 |
0 |
|a D640
|b .M62 1983
|
| 082 |
0 |
0 |
|a 940.4/81/73
|2 19
|
| 100 |
1 |
|
|a Morrison, Elton J.,
|d 1890-
|
| 245 |
1 |
0 |
|a My experiences overseas in World War I /
|c Elton J. Morrison.
|
| 250 |
|
|
|a 1st ed.
|
| 264 |
|
1 |
|a New York :
|b Vantage Press,
|c [1983]
|
| 264 |
|
4 |
|c ©1983
|
| 300 |
|
|
|a x, 114 pages :
|b illustrations ;
|c 21 cm.
|
| 336 |
|
|
|a text
|b txt
|2 rdacontent
|
| 337 |
|
|
|a unmediated
|b n
|2 rdamedia
|
| 338 |
|
|
|a volume
|b nc
|2 rdacarrier
|
| 600 |
1 |
0 |
|a Morrison, Elton J.,
|d 1890-
|
| 650 |
|
0 |
|a World War, 1914-1918
|v Personal narratives, American.
|
| 650 |
|
0 |
|a Soldiers
|z United States
|v Biography.
|
| 610 |
1 |
0 |
|a United States.
|b Army
|v Biography.
|
| 650 |
|
0 |
|a World War, 1914-1918
|v Biography.
|
| 999 |
|
|
|a MARS
|
| 999 |
f |
f |
|s 471fdacc-d5c6-38f8-af30-53d3f040ae8b
|i 3e238cff-da6c-32d5-8c3c-15aee8a3824c
|t 0
|
| 952 |
f |
f |
|p noncirc
|a Texas A&M University
|b College Station
|c Cushing Memorial Library & Archives
|d Cushing: Ragan Military (Does not check out)
|t 0
|e D640 .M62 1983
|h Library of Congress classification
|i unmediated -- volume
|m A14852143248
|
| 998 |
f |
f |
|a D640 .M62 1983
|t 0
|l Cushing: Ragan Military (Does not check out)
|